000 00614nam a2200229Ia 4500
003 OSt
005 20221005042731.0
006 a|||||r|||| 00| 0
007 ta
008 221004b |||||||| |||| 00| 0 mal d
024 _a56807
037 _cTextual
040 _aCRL
_cCRL
_bmal
041 _2mal
_amal
082 _aO32,3N05x, K1
100 _aDev P Kesava Au.
_9590817
245 0 _aKothichi
260 _aEdava
_bPeople publishing house India
_c1961
650 _aMALAYALAM FICTION
_9183428
942 _hO32,3N05x, K1
_cTEXL
_2cc
999 _c950781
_d950781